000 00746nam a2200253Ia 4500
003 OSt
005 20220924131437.0
006 a|||||r|||| 00| 0
007 ta
008 220923b |||||||| |||| 00| 0 san d
024 _a55781
037 _cTextual
040 _aARTS
_cARTS
_bsan
041 _2san
_asan
082 _aP15,C:4x1,1, 15N5 (P15)
100 _aAmara Sinha
_9201999
245 0 _aAmara Kosha ed with Hindi tr by Manna Lal 'Abhimanyau
260 _aVaranasi
_bChowkhamba Vidyabhawan
_c1995
300 _a5,305p.
_ccm.
490 _aVidyabhawan Prachyavidya granthamala; 76
650 _aLINGUISTICS
942 _hP15,C:4x1,1, 15N5 (P15)
_cTEXL
_2CC
999 _c427138
_d427138